000 00851nas a2200277 4500
001 BR9704001
003 BR-BrBNA
005 20231205100413.0
007 ta
008 230509b bl.|||p| |||| 00| 00por d
040 _aBR-BrBNA
_bpor
_cBiblioteca Nacional de Agricultura
041 _a(Pt)
072 _aF03
100 1 _aAndrade, R.N.B. de
100 1 _aSantos, D.S.B. dos
100 1 _aSantos Filho, B.G. dos
100 1 _aMello, V.D.C.
245 1 _aTestes de germinacao e de tetrazolio em sementes de cenoura armazenadas por diferentes periodos
650 _aCenoura
650 _aGerminacao
650 _aSemente
650 _aTeste de Tetrazolio
773 0 _tRevista Brasileira de Sementes (Brazil)
_xISSN 0101-3122
_g(1996), v. 18(1) p. 108-116
_wBR9704001
909 _a202311
_bLúcia
_c55
_dLúcia Elande
942 _2AGRIS
_n0
_cANA
999 _c155802
_d155802